नेटवर्क मार्केटिंग एक अवसर / (Record no. 192883)
[ view plain ]
| 000 -LEADER | |
|---|---|
| fixed length control field | 00888nam a22002057a 4500 |
| 005 - DATE AND TIME OF LATEST TRANSACTION | |
| control field | 20250820113517.0 |
| 010 ## - LCCN (DPL NO) | |
| LC control number | HIN-130233 B-745873 |
| 020 ## - INTERNATIONAL STANDARD BOOK NUMBER | |
| International Standard Book Number | 9788194864974 |
| Terms of availability | 199.00 |
| 035 ## - SYSTEM CONTROL NUMBER | |
| System control number | B-745873 |
| 035 ## - SYSTEM CONTROL NUMBER | |
| System control number | HN-102579 |
| 037 ## - SOURCE OF ACQUISITION | |
| Source of stock number/acquisition | उपहार |
| 082 ## - DEWEY DECIMAL CLASSIFICATION NUMBER | |
| Classification number | 658.84 |
| 100 ## - MAIN ENTRY--PERSONAL NAME | |
| Personal name | गर्ग,आर.के. |
| 245 ## - TITLE STATEMENT | |
| Title | नेटवर्क मार्केटिंग एक अवसर / |
| Statement of responsibility, etc | आर.के.गर्ग |
| 260 ## - PUBLICATION, DISTRIBUTION, ETC. (IMPRINT) | |
| Place of publication, distribution, etc | नई दिल्ली |
| Name of publisher, distributor, etc | इम्पटी कैनवास पब्लिशर्स |
| Date of publication, distribution, etc | 2021 |
| 270 ## - ADDRESS | |
| Address | एपी-119सी, पीतम पुरा |
| City | नई दिल्ली |
| Postal code | 110034 |
| 300 ## - PHYSICAL DESCRIPTION | |
| Extent | 104पृ. |
| Dimensions | 21सेमी(अजिल्द) |
| 942 ## - ADDED ENTRY ELEMENTS (KOHA) | |
| Source of classification or shelving scheme | Dewey Decimal Classification |
| Item type | Hindi Books |
| Classification part | 658.84 |
| Call number suffix | गर्गआर |
| Withdrawn status | Lost status | Not for loan | Collection code | Home library | Current library | Date acquired | Source of acquisition | Cost, normal purchase price | Full call number | Barcode | Copy number | Cost, replacement price | Koha item type | Public note |
|---|---|---|---|---|---|---|---|---|---|---|---|---|---|---|
| Non-fiction | Central Library | Central Library | 07/10/2022 | उपहार/26.09.2022 | 199.00 | 658.84 गर्गआर | B-745873 | 1 | 199.00 | Hindi Books | उपहार | |||
| Non-fiction | Sarojini Nagar | Sarojini Nagar | 20/08/2025 | DBAD | 199.00 | 658.84 गर्गआ | HN-102579 | 1 | 199.00 | Hindi Books |
